000 00311nam a22001457a 4500
008 240205b ||||| |||| 00| 0 eng d
020 _a616734
041 _aeng
080 _21961
_a61
082 _a61PIL
100 _a5
101 _aMJP
245 _aCUTANEOUS MEDICINE
_cPILLSBURY .M.D
942 _2udc
_cBK
999 _c60580
_d60580